| 000 | 00822nam0a22002531 4500 | ||
|---|---|---|---|
| 001 | rc\3016330 | ||
| 005 | 20250810060310.0 | ||
| 035 | _a(NLR Aleph) 007158605 | ||
| 090 |
_a7225870 _c7225870 |
||
| 100 | _a20041021d1941 u y0rusy50 ca | ||
| 101 | 0 | _arus | |
| 102 | _aRU | ||
| 105 | _ac z ||||y | ||
| 200 | 1 |
_aИнтеллигенция нашего города _fА.Н. Иванов, секретарь Новочеркас. горкома ВКП(б) |
|
| 210 |
_aРостов н/Д _cРостведиздат _d1941 |
||
| 215 |
_a68 с. _cпортр. _d17 см |
||
| 700 | 1 |
_aИванов _bА.Н. |
|
| 801 | 0 |
_aRU _bNLR _gpsbo |
|
| 801 | 1 |
_aRU _bELAR _2rusmarc |
|
| 852 |
_aNLR _jИр90 Г-2/2 |
||
| 942 | _cBOOK | ||
| 945 | _aРоссийская национальная библиотека | ||
| 980 | _aNB | ||
| 980 | _aBV | ||